Bryan-College Station (Brazos County, Texas) city directory.

Bibliographic Details
New Title:Bryan-College Station, Texas, city directory
Previous Title:Polk's Bryan-College Station (Brazos County, Texas) city directory
Format: Serial
Language:English
Published: Dallas, Tex. : R. L. Polk.
Subjects:

MARC

Tag First Indicator Second Indicator Subfields
LEADER 00000cas a2200000 a 4500
001 in00000078668
005 20190207093449.0
008 820223d197u198utxuau r 0uuua0eng d
035 |a (OCoLC)08182572 
035 |9 AAH8957AM 
040 |a TXA  |c TXA  |d UtOrBLW 
043 |a n-us-tx 
049 |a TXAE  
090 |a F384.5  |b .B7 
245 0 0 |a Bryan-College Station (Brazos County, Texas) city directory. 
246 1 8 |a Polk's Bryan-College Station city directory  
264 1 |a Dallas, Tex. :  |b R. L. Polk. 
300 |a volumes :  |b illustrations ;  |c 24 cm. 
336 |a text  |b txt  |2 rdacontent 
337 |a unmediated  |b n  |2 rdamedia 
338 |a volume  |b nc  |2 rdacarrier 
362 1 |a Began in 1974. 
500 |a The Cushing Library/Chapman Texas Collection copy is part of the Floyd & Louise Chapman Texas & Borderlands Collection.  |5 TXA 
651 0 |a Bryan (Tex.)  |x Directories. 
651 0 |a College Station (Tex.)  |x Directories. 
651 0 |a Brazos County (Tex.)  |x Directories. 
780 0 0 |t Polk's Bryan-College Station (Brazos County, Texas) city directory 
785 0 0 |t Bryan-College Station, Texas, city directory  |w (OCoLC)21111072 
948 |a t2  
999 |a MARS 
999 f f |s 4f53d7db-ab60-3f13-81b5-12d234df211e  |i 3a945dae-e80a-3ae0-8936-7d1c6d9651ba  |t 0 
952 f f |p ric  |a Texas A&M University  |b Rellis Campus  |c Joint Library Facility  |s JLF  |d Remote Storage  |t 0  |e F384.5 .B7  |h Library of Congress classification  |i unmediated -- volume  |l 1978  |m A14816207756 
952 f f |p ric  |a Texas A&M University  |b Rellis Campus  |c Joint Library Facility  |s JLF  |d Remote Storage  |t 0  |e F384.5 .B7  |h Library of Congress classification  |i unmediated -- volume  |l 1976  |m A14809066416 
952 f f |p noncirc  |a Texas A&M University  |b College Station  |c Cushing Memorial Library & Archives  |s cush txas  |d Cushing: Chapman Texas Collection (Does not check out)  |t 0  |e F384.5 .B7  |h Library of Congress classification  |i unmediated -- volume 
952 f f |p ric  |a Texas A&M University  |b Rellis Campus  |c Joint Library Facility  |s JLF  |d Remote Storage  |t 0  |e F384.5 .B7  |h Library of Congress classification  |i unmediated -- volume  |l 1983  |m A14807386933 
952 f f |p ric  |a Texas A&M University  |b Rellis Campus  |c Joint Library Facility  |s JLF  |d Remote Storage  |t 0  |e F384.5 .B7  |h Library of Congress classification  |i unmediated -- volume  |l 1981  |m A14807207367 
952 f f |p ric  |a Texas A&M University  |b Rellis Campus  |c Joint Library Facility  |s JLF  |d Remote Storage  |t 0  |e F384.5 .B7  |h Library of Congress classification  |i unmediated -- volume  |l 1984  |m A14808840841 
952 f f |p ric  |a Texas A&M University  |b Rellis Campus  |c Joint Library Facility  |s JLF  |d Remote Storage  |t 0  |e F384.5 .B7  |h Library of Congress classification  |i unmediated -- volume  |l 1982  |m A14807446424 
952 f f |p ric  |a Texas A&M University  |b Rellis Campus  |c Joint Library Facility  |s JLF  |d Remote Storage  |t 0  |e F384.5 .B7  |h Library of Congress classification  |i unmediated -- volume  |l 1979  |m A14816207748 
952 f f |p ric  |a Texas A&M University  |b Rellis Campus  |c Joint Library Facility  |s JLF  |d Remote Storage  |t 0  |e F384.5 .B7  |h Library of Congress classification  |i unmediated -- volume  |l 1967  |m A14819510019 
952 f f |p ric  |a Texas A&M University  |b Rellis Campus  |c Joint Library Facility  |s JLF  |d Remote Storage  |t 0  |e F384.5 .B7  |h Library of Congress classification  |i unmediated -- volume  |l 1975  |m A14851323908 
952 f f |p ric  |a Texas A&M University  |b Rellis Campus  |c Joint Library Facility  |s JLF  |d Remote Storage  |t 0  |e F384.5 .B7  |h Library of Congress classification  |i unmediated -- volume  |l 1985  |m A14808674842 
952 f f |p ric  |a Texas A&M University  |b Rellis Campus  |c Joint Library Facility  |s JLF  |d Remote Storage  |t 0  |e F384.5 .B7  |h Library of Congress classification  |i unmediated -- volume  |l 1974  |m A14821179560 
998 f f |a F384.5 .B7  |s 1974-1976,1978-1979,1986,1988  |t 0  |l Cushing: Chapman Texas Collection (Does not check out) 
998 f f |a F384.5 .B7  |s 1974-1976,1978-1985  |t 0  |l Remote Storage